| 000 | 01234cam a2200253 4500 | ||
|---|---|---|---|
| 001 | ##L134860 | ||
| 002 | ##10142 | ||
| 008 | 060907n2006 000 0 eng u | ||
| 020 | _a0728204878 | ||
| 035 | _a(Sirsi) u134860 | ||
| 041 | 0 | _aeng | |
| 050 | 0 | 4 | _a332.6324 $2 18 |
| 100 | 1 | _aMyers, Danny | |
| 245 | 0 | 0 |
_aEconomics and property _bthe Estates Gazette guide |
| 250 | _a2nd ed. | ||
| 260 |
_aLondon _bEG Books _c2006 |
||
| 300 |
_av, 143p. _c30cm. |
||
| 350 | _a20 | ||
| 505 | 1 | _aAn introduction to economics -- Economic systems of resource allocation -- The theory of demand -- The theory of supply -- Development, construction and occupation -- Government intervention -- Managing the macroeconomy -- Measuring the macroeconomy -- The sustainable development agenda | |
| 520 | _aWritten for students, this text considers economic principles as a key to understanding the commercial and residential property sectors, markets for development, construction and occupation, the role and nature of government intervention, and the sustainable development agenda. Includes extracts and examples from "Estates Gazette" and EGI. Glossary and references. | ||
| 651 | 4 |
_aUnited Kingdom _y |
|
| 690 | _aPROPERTY | ||
| 942 | _n0 | ||
| 999 |
_c105822 _d105822 |
||